000 00511nam a2200193Ia 4500
005 20250326142427.0
008 250326s9999 xx 000 0 und d
037 _aTextbook
040 _aFMSL
_beng
_cFMSL
041 _aeng
_2eng
084 _aB2893 N2
_qFMSL
100 _aTaha H A
245 0 _aOperations research: introduction
_cTaha H A
250 _a5
260 _aNew Delhi
_bNew Delhi, Prentice-Hall
_c1992
300 _a841p
942 _cTB
_hB2893 N2
999 _c1294967
_d1294967